Представление документа в формате RUSMARC

ПолеНазваниеЗначение
  Тип записи a
  Библиографический уровень m
001 Контрольный номер 22d2affd3baa4be1abd9c2e58dd6d92b
005 Дата корректировки 20140604112441.4
010 Индекс ISBN __
a ISBN 5-98079-163-9
101 Язык документа 0_
a Язык текста rus
102 Страна публикации __
a Страна публикации RU
200 Заглавие и сведения об ответственности 1_
a Заглавие Современное состояние и тенденции развития международных валютно-кредитных отношений
e Сведения, относящиеся к заглавию монография
f Первые сведения об ответственности М. В. Чиненов
g Последующие сведения об ответственности Моск. ин-т междунар. экон. отношений
210 Выходные данные 1_
c Издательство МИМЭО
a Место издания М.
d Дата издания 2008
215 Физическое описание __
a Объем 402 с.
225 Серия 2_
a Серия Финансовая и экономическая библиотека
v Обозначение тома вып. 5
610 Ключевые слова 0_
a Ключевые слова мировая экономика
610 Ключевые слова 0_
a Ключевые слова международные отношения
610 Ключевые слова 0_
a Ключевые слова финансы
610 Ключевые слова 0_
a Ключевые слова валютно-кредитные отношения
610 Ключевые слова 0_
a Ключевые слова валютный курс
610 Ключевые слова 0_
a Ключевые слова монография
686 Индексы других классификаций __
a Классификационный индекс 65.582.6
2 Код системы rubbk
700 Автор _1
a Фамилия Чиненов
b Имя М. В.
711 Наименование организации. (Альтернативная ответственность) 02
a Организация/ юрисдикция Моск. ин-т междунар. экон. отношений
801 Источник записи _0
a Страна RU
b Организация РУК
c Дата составления 20100413
g Правила каталогизации PSBO
801 Источник записи _1
a Страна RU
b Организация РУК
c Дата составления 20100413
g Правила каталогизации PSBO
852 Данные о местонахождении __
j Шифр хранения ББК 65.5
i Авторский знак Ч-63
901 Тип документа __
t Тип документа m
938 Служебная информация __
a Название организации Головной вуз
b Имя БД BOOK
c Название АИБС АИБС ИРБИС